000 00631nam a2200181Ia 4500
003 GCL
008 140319s9999 xx 000 0 ara d
040 _aGCL /
_cGCL
082 0 4 _a250
_bم ت
100 1 _aمحمد خالد حسن خالد على العماوى
245 1 0 _aتنبيه الغافلات من النساء المتبرجات /
_cمحمد خالد حسن خالد على العماوى
260 _a[S.N] :
_bمكتبة التراث الاسلامى ،
_c1992
300 _a91 ص
490 _a
650 0 4 _aالشريعة الاسلامية
650 0 4 _aالمرأة فى الاسلام
942 _2ddc
_cBK
999 _c52573
_d52573